| 000 | 01263nam a2200229Ia 4500 | ||
|---|---|---|---|
| 003 | Ost | ||
| 005 | 20260416102354.0 | ||
| 008 | 260416s9999||||xx |||||||||||||| ||und|| | ||
| 040 | _cfsecg | ||
| 041 | _aara | ||
| 082 | _a1 | ||
| 100 |
_aدغنوش، العطرة _eمؤلف |
||
| 245 | 0 |
_aإقتصاد المعرفة / _c العطرة دغنوش |
|
| 260 |
_aالجزائر _bجامعة الجزائر3: كلية العلوم الإقتصادية، العلوم التجارية وعلوم التسيير _c2018 |
||
| 300 |
_a141 ورقة _bايضاحات _c30 سم |
||
| 504 | _aمصادر ص.141 | ||
| 520 | _aأهمية اقتصاد المعرفة، فوائد اقتصاد المعرفة، متطلبات اقتصاد المعرفة و مستلزماته، العولمة، الخصائص الاقتصادية للمعرفة، صناعة البرمجيات و اقتصاد المعرفة، فجوة اقتصاد المعرفة، اسباب الفجور الاقتصادية، عيوب اقتصاد المعرفة | ||
| 653 | _aاقتصاد | ||
| 653 | _aالمعرفة | ||
| 710 |
_aجامعة الجزائر3: كلية العلوم الإقتصادية، العلوم التجارية وعلوم التسيير _eناشر علمي |
||
| 942 | _cHANDOUT | ||
| 999 |
_c41122 _d41122 |
||